Every National League Team's Last MVP - Statistics

General Stats
  • This quiz has been taken 18 times
  • The average score is 11 of 13
Answer Stats
Team Position Year National League Player % Correct
Los Angeles Dodgers DH/pitcher 2025 Shohei Ohtani
100%
Philadelphia Phillies First baseman 2021 Bryce Harper
94%
Washington Nationals Outfielder 2015 Bryce Harper
94%
San Francisco Giants Catcher 2012 Buster Posey
94%
Milwaukee Brewers Outfielder 2018 Christian Yelich
94%
Atlanta Braves Outfielder 2023 Ronald Acuña Jr.
94%
Cincinnati Reds First baseman 2010 Joey Votto
88%
Chicago Cubs Third baseman/outfielder 2016 Kris Bryant
88%
Pittsburgh Pirates Outfielder/DH 2013 Andrew McCutchen
81%
Miami Marlins Outfielder/DH 2017 Giancarlo Stanton
81%
St. Louis Cardinals First baseman 2022 Paul Goldschmidt
81%
Colorado Rockies Outfielder 1997 Larry Walker
56%
San Diego Padres Third baseman 1996 Ken Caminiti
44%
No matching quizzes found
Score Distribution
Percent of People with Each Score
Percentile by Number Answered
Your Score History
You have not taken this quiz